| 000 | 02049cam a22004814i 4500 | ||
|---|---|---|---|
| 003 | PE-LiUPU | ||
| 005 | 20250731172956.0 | ||
| 008 | 150623s r 000 0 d | ||
| 020 | _a0801021928 | ||
| 035 | _a(Sirsi) i9780801021923 | ||
| 040 |
_aPE-LiUPU _bspa _cPE-LiUPU _erda |
||
| 049 | _aPRUA | ||
| 082 | 0 | 4 |
_a224.99 _bH88 _221 |
| 100 | 1 |
_aHugenberger, Gordon P., _eautor. |
|
| 245 | 1 | 0 |
_aMarriage as a covenant : _bbiblical law and ethics as developed from Malachi / _cGordon P. Hugenberger. |
| 264 | 1 |
_aMichigan : _bBaker Books, _c1994. |
|
| 300 |
_a414 páginas ; _c23 centímetros |
||
| 336 |
_atext _2rdacontent |
||
| 337 |
_aunmediated _2rdamedia |
||
| 338 |
_avolume _2rdacarrier |
||
| 490 | 0 | _aBiblical Studies Library | |
| 504 | _aIncluye bibliografía. | ||
| 505 | 0 | _aThe interpretative conetxt of Malachi 2: 10-16. -"covenant" in Malachi 2:14: Does it refer to marriage?. -malachi 2: 116 and Divorce. -Malachi 2: 10-16 and the tolerattion of polygyny eelsewhere in the old testament. -Malachi 2:15: Malaachi's appeal to adam and eve for his understanding of marriage as a "covenant". -"Covenant" and "Oath" defined. -Verba solemnia and sexual union: the requisite covenant-ratifying oath-sign for marriage. -Marriage as a covenant elsewhere in the Old Testament. | |
| 526 | _aSEG42 | ||
| 526 | _aSEG41 | ||
| 526 | _aSEG40 | ||
| 526 | _aSEG39 | ||
| 526 | _aP94 | ||
| 526 | _aP87 | ||
| 526 | _aP86 | ||
| 526 | _aP85 | ||
| 526 | _aP77 | ||
| 526 | _aP76 | ||
| 526 | _aP35 | ||
| 630 |
_aBiblia. _pA.T. _pMalaquías _xCrítica, interpretación, etc. |
||
| 650 | 0 | 4 | _aMatrimonio en la biblia. |
| 942 |
_2ddc _cBOOK |
||
| 949 |
_a224.99 H88 _wDEWEY _c1 _i45322 _lCCODEBUL1 _mBUL _r0 _sY _tBOOK _u2015-6-24 _xTEOLOGIA _PP35 _0COMPRA _o.STAFF. Colección General |
||
| 994 |
_aC0 _bPEPRU |
||
| 596 | _a1 | ||
| 999 |
_a224.99 H88 _wDEWEY _c22181 _i45322 _f2021-11-11 _g5 _lCCODEBUL1 _mBUL _r0 _sY _tBOOK _u2015-6-24 _xTEOLOGIA _PP35 _0COMPRA _o.STAFF. Colección General _d22181 |
||
| 980 |
_81 _gALBERTO SANCHEZ Responsable de Automatización |
||